| 000 | 00562nam a22001697a 4500 | ||
|---|---|---|---|
| 003 | OSt | ||
| 005 | 20130613130706.0 | ||
| 008 | 130613s1972 sp ||||| |||| 00| 0 spa d | ||
| 040 | _cCDMR | ||
| 245 | 0 | 3 |
_aLa concentración de empresas periodísticas _bcomparación entre 32 países |
| 260 |
_aMadrid _bServicio Informativo Documental Español _c1972 |
||
| 300 | _a21 p. | ||
| 490 | 0 |
_aTextos y documentos. Temas políticos y sociales _v9 |
|
| 650 | 0 | 4 |
_9311 _aEmpreses periodístiques |
| 710 | 2 |
_93753 _aServicio Informativo Documental Español |
|
| 942 |
_2udc _cFULLET |
||
| 999 |
_c6461 _d6461 |
||